Southville International School and Colleges
Your cart is empty.
  • Cart
  • Lists
    Public lists Eva Luna New books Lux_list list_1
    Your lists Log in to create your own lists
  • Log in to your account
  • Your cookies
  • Search history
Southville International School and Colleges
  • Advanced search
  • Recent comments
  • Most popular
  • Libraries

Log in to your account

Log in with GOOGLE


If you do not have an external account, but do have a local account, you can still log in:

  1. Home
  2. MARC view: A step- by -step series :
Normal view MARC view ISBD view

A step- by -step series : (Record no. 6933)

[ view plain ]
MARC details
000 -LEADER
fixed length control field 00543nam a22001937a 4500
003 - CONTROL NUMBER IDENTIFIER
control field OSt
005 - DATE AND TIME OF LATEST TRANSACTION
control field 20140310181920.0
008 - FIXED-LENGTH DATA ELEMENTS--GENERAL INFORMATION
fixed length control field 130718t xxu||||| |||| 00| 0 eng d
050 ## - LIBRARY OF CONGRESS CALL NUMBER
Classification number HQ 769
Item number .Sh556 1996
082 ## - DEWEY DECIMAL CLASSIFICATION NUMBER
Classification number TRE 155.2
Item number St4 1996
100 ## - MAIN ENTRY--PERSONAL NAME
Personal name Shiotsu, Vicky
9 (RLIN) 1488
245 ## - TITLE STATEMENT
Title A step- by -step series :
Remainder of title Building Self- Esteem /
Statement of responsibility, etc Vicky Shiotsu.
260 ## - PUBLICATION, DISTRIBUTION, ETC. (IMPRINT)
Place of publication, distribution, etc Michigan :
Name of publisher, distributor, etc Instructional Fair,
Date of publication, distribution, etc c1996.
300 ## - PHYSICAL DESCRIPTION
Extent 16 p. ;
Other physical details ill. ;
Dimensions 26 cm.
520 ## - SUMMARY, ETC.
Summary, etc Faculty
541 ## - IMMEDIATE SOURCE OF ACQUISITION NOTE
-- 1
562 ## - COPY AND VERSION IDENTIFICATION NOTE
Number of copies 1
942 ## - ADDED ENTRY ELEMENTS (KOHA)
Source of classification or shelving scheme Library of Congress Classification
Koha item type
Call number prefix
Holdings
Withdrawn status Lost status Source of classification or shelving scheme Damaged status Home library Current library Shelving location Date acquired Total Checkouts Full call number Barcode Date last seen Copy number Price effective from Koha item type
    Library of Congress Classification   Luxembourg Library Luxembourg Library Teachers Reference Section 07/18/2013   HQ 769 .Sh556 1996 5809 08/13/2013 1 07/18/2013 Books

A step- by -step series :

APA

Shiotsu V., . (1996). A step- by -step series. Michigan: Instructional Fair.

Chicago

Shiotsu Vicky, . 1996. A step- by -step series. Michigan: Instructional Fair.

Harvard

Shiotsu V., . (1996). A step- by -step series. Michigan: Instructional Fair.

MLA

Shiotsu Vicky, . A step- by -step series. Michigan: Instructional Fair. 1996.

  • Place hold
  • Print
  • Cite
  • Add to your cart (remove)
  • Save record
    BIBTEX Dublin Core MARCXML MARC (non-Unicode/MARC-8) MARC (Unicode/UTF-8) MARC (Unicode/UTF-8, Standard) MODS (XML) RIS
  • More searches
    Search for this title in:
    Other Libraries (WorldCat) Other Databases (Google Scholar) Online Stores (Bookfinder.com) Open Library (openlibrary.org)

Exporting to Dublin Core...

SOUTHVILLE LIBRARY

Southville International School and Colleges Library

1281 Tropical Ave. Cor. Luxembourg St., BF Homes International, Las Pinas City

Tel. No. 8256374 / 252358 Loc. 117/146

Powered by Koha